東京駅から乗り換え2回以上しないといけない都内の駅 - Statistics

General Stats
  • This quiz has been taken 296 times
  • The average score is 8 of 14
Answer Stats
Answer 乗り換え駅(例) % Correct
世田谷 大手町、三軒茶屋
67%
大師前 上野、西新井
63%
柴又 日暮里、京成高砂
61%
松陰神社前 大手町、三軒茶屋
59%
上町 大手町、三軒茶屋
59%
西太子堂 大手町、三軒茶屋
56%
府中競馬正門前 新宿、東府中
56%
松原 大手町、三軒茶屋
55%
若林 大手町、三軒茶屋
52%
宮の坂 大手町、三軒茶屋
49%
東あずま 錦糸町、亀戸
48%
亀戸水神 錦糸町、亀戸
47%
西武園 高田馬場、東村山
47%
小村井 錦糸町、亀戸
44%
No matching quizzes found
Score Distribution
Percent of People with Each Score
Percentile by Number Answered
Your Score History
You have not taken this quiz